| 000 | 02135cam a2200613 i 4500 | ||
|---|---|---|---|
| 001 | zz2004801017 | ||
| 003 | NUKAT | ||
| 005 | 20260401123911.0 | ||
| 008 | 040126s2000 pl a |000 0 pol c | ||
| 020 |
_a8390479842 _q(oprawa miękka) |
||
| 035 | _a(OCoLC)830219968 | ||
| 035 | _a(NUKAT)zz2004801017 | ||
| 040 |
_aOLSZT 003/BK _bpol _erda _cOLSZT 003/BK _dOLSZT 003/DK _dOLSZT 008/bak |
||
| 045 | 2 |
_bd969 _bd1752 |
|
| 046 | _k2000 | ||
| 100 | 1 |
_aSałuda, Bronisław _d(1927-2019). _eAutor _931561 |
|
| 245 | 1 | 0 |
_aKrólowe polskie na łowach / _cBronisław Sałuda ; ilustrowała Wilga Badowska. |
| 250 | _aWydanie pierwsze. | ||
| 260 |
_aOlsztyn : _bOficyna Druków Niskonakładowych, _c2000. |
||
| 300 |
_a82, [6] stron : _bilustracje ; _c16 cm. |
||
| 336 |
_aTekst _btxt _2rdacontent |
||
| 337 |
_aBez urządzenia pośredniczącego _bn _2rdamedia |
||
| 338 |
_aWolumin _bnc _2rdacarrier |
||
| 380 | _aKsiążki | ||
| 380 | _aPublikacje popularnonaukowe | ||
| 388 | 1 | _a1901-2000 | |
| 388 | 1 | _a1989-2000 | |
| 504 | _aBibliografia na stronie [86]. | ||
| 648 | 7 |
_a1001-1100 _2DBN _937677 |
|
| 648 | 7 |
_a1101-1200 _2DBN _936862 |
|
| 648 | 7 |
_a1201-1300 _2DBN _936031 |
|
| 648 | 7 |
_a1301-1400 _2DBN _935871 |
|
| 648 | 7 |
_a1401-1500 _2DBN _936030 |
|
| 648 | 7 |
_a1501-1600 _2DBN _936032 |
|
| 648 | 7 |
_a1601-1700 _2DBN _936034 |
|
| 648 | 7 |
_a1701-1800 _2DBN _936035 |
|
| 648 | 7 |
_a901-1000 _2DBN _937680 |
|
| 650 | 7 |
_aKobieta _2DBN _935125 |
|
| 650 | 7 |
_aŁowiectwo _2DBN _939390 |
|
| 650 | 7 |
_aWładcy i władczynie _2DBN _935698 |
|
| 650 | 7 |
_aKrólowie i władcy _zPolska _vanegdoty. _2kaba _939395 |
|
| 650 | 7 |
_aPolowanie _zPolska _xhistoria _vanegdoty. _2kaba _939396 |
|
| 651 | 7 |
_aPolska _2DBN _935076 |
|
| 655 | 7 |
_aWydawnictwa popularne _2DBN _935845 |
|
| 658 | _aBiologia | ||
| 658 | _aHistoria | ||
| 658 | _aPolityka, politologia, administracja publiczna | ||
| 658 | _aRolnictwo i leśnictwo | ||
| 658 | _aSocjologia i społeczeństwo | ||
| 700 | 1 |
_aBadowska, Wilga. _eIlustracje _939394 |
|
| 710 | 2 |
_aOficyna Druków Niskonakładowych. _eWydawca _4pbl _937673 |
|
| 920 | _a83-904798-4-2 (oprawa miękka) | ||
| 942 |
_2ddc _cBK_NM |
||
| 999 |
_c27409 _d27409 |
||